000 00742nam a2200241Ia 4500
001 9461
003 GE_BSU
008 181216s||||||||xx |||||||||||||| ||und||
040 _cGE_BSU
080 _a624.014(075.8)
100 _aБеленя,Е.И. А.Н.Генцев и др.
245 _aМеталлические конструкции.
245 _bУчебн.
245 _cПод общ. ред. Е.И.Беленя.
250 _aИзд. 5-е, перераб. и доп.
260 _aМ.
260 _bСтройиздат.
260 _c1976.
300 _a600 стр. с илл. 27 см.
300 _eПриложения: стр.576-595.
653 _aМеталлические конструкции.
942 _cBK
999 _c42755
_d42755